Ultimos #10 de la Selección Argentina (2000-25) - Estadísticas

Estadísticas generales
  • Esta prueba ha sido intentada 131 veces
    49 desde el último reinicio
  • La puntuación promedio es 11 de 13
Estadísticas de respuestas
Imagen Hint Respuesta % Correcto
2005-09 Juan Román Riquelme
100%
2008-Act. Lionel Messi
100%
2011-12/2015-16 Sergio Agüero
100%
2015-16 Ángel Di María
98%
2025 Franco Mastantuono
98%
2023-24 Paulo Dybala
98%
2011-12/2015-16 Éver Banega
95%
2020-21/2023-24 Ángel Correa
93%
2004-05 Pablo Aimar
93%
2000-02 Ariel Ortega
91%
2015-16 Javier Pastore
84%
2003-04 Andrés D'Alessandro
80%
2008-09 Pablo Barrientos
16%
No se encontraron pruebas coincidentes
Distribución de puntuación
Porcentaje de gente con cada puntuación
Porcentaje por número respondido
Historial de tus puntuaciones
No has intentado esta prueba desde el último reinicio